[Event "OEISM 0818 BLMM"]
[Site "austriablmm"]
[Date "2020.12.12"]
[Round "4"]
[White "Jeremia07"]
[Black "Einhorn2010"]
[Result "0-1"]
[WhiteElo "1300"]
[BlackElo "1570"]
[Annotator "NA RC"]
[PlyCount "116"]
[EventDate "2020.12.12"]
[EventType "blitz"]

1. e4 {[%emt 0:00:02]} e5 {[%emt 0:00:04]} 2. Nf3 {[%emt 0:00:02]} Nf6 {[%emt 0:00:02]} 3. Nc3 {[%emt 0:00:03]} Nc6 {[%emt 0:00:02]} 4. Bb5 {[%emt 0:00:06]} Bb4 {[%emt 0:00:05]} 5. O-O {[%emt 0:00:02]} d6 {[%emt 0:00:02]} 6. d3 {[%emt 0:00:03]} Bd7 {[%emt 0:00:03]} 7. Bg5 {[%emt 0:00:02]} h6 {[%emt 0:00:02]} 8. Bxf6 {[%emt 0:00:06]} Qxf6 {[%emt 0:00:01]} 9. Nd5 {[%emt 0:00:05]} Qd8 {[%emt 0:00:09]} 10. Bxc6 {[%emt 0:00:08]} Bxc6 {[%emt 0:00:02]} 11. Nxb4 {[%emt 0:00:02]} O-O {[%emt 0:00:04]} 12. Nxc6 {[%emt 0:00:04]} bxc6 {[%emt 0:00:06]} 13. Qd2 {[%emt 0:00:05]} Re8 {[%emt 0:00:05]} 14. Qb4 {[%emt 0:00:05]} Rb8 {[%emt 0:00:04]} 15. Qa4 {[%emt 0:00:05]} Qd7 {[%emt 0:00:09]} 16. Qxa7 {[%emt 0:00:12]} d5 {[%emt 0:00:04]} 17. exd5 {[%emt 0:00:05]} cxd5 {[%emt 0:00:06]} 18. Qa3 {[%emt 0:00:14]} e4 {[%emt 0:00:04]} 19. dxe4 {[%emt 0:00:18]} dxe4 {[%emt 0:00:02]} 20. Ne5 {[%emt 0:00:11]} Rxe5 {[%emt 0:00:08]} 21. Rad1 {[%emt 0:00:15]} Qc6 {[%emt 0:00:04]} 22. c3 {[%emt 0:00:06]} Rbe8 {[%emt 0:00:03]} 23. Rfe1 {[%emt 0:00:05]} Qb6 {[%emt 0:00:10]} 24. Qb4 {[%emt 0:00:06]} Qa7 {[%emt 0:00:11]} 25. a3 {[%emt 0:00:05]} e3 {[%emt 0:00:13]} 26. f3 {[%emt 0:00:15]} e2+ {[%emt 0:00:04]} 27. Rd4 {[%emt 0:00:20]} c5 {[%emt 0:00:13]} 28. Qc4 {[%emt 0:00:21]} cxd4 {[%emt 0:00:06]} 29. Qxd4 {[%emt 0:00:07]} Qxd4+ {[%emt 0:00:14]} 30. cxd4 {[%emt 0:00:03]} Rd5 {[%emt 0:00:01]} 31. Kf2 {[%emt 0:00:02]} Rxd4 {[%emt 0:00:03]} 32. Rxe2 {[%emt 0:00:02]} Red8 {[%emt 0:00:05]} 33. Ke3 {[%emt 0:00:08]} Rd3+ {[%emt 0:00:02]} 34. Ke4 {[%emt 0:00:05]} Rd2 {[%emt 0:00:03]} 35. Ke3 {[%emt 0:00:11]} Rxe2+ {[%emt 0:00:04]} 36. Kxe2 {[%emt 0:00:01]} Rb8 {[%emt 0:00:02]} 37. b4 {[%emt 0:00:03]} Ra8 {[%emt 0:00:01]} 38. Kd3 {[%emt 0:00:04]} Rxa3+ {[%emt 0:00:04]} 39. Kc4 {[%emt 0:00:02]} Ra2 {[%emt 0:00:03]} 40. b5 {[%emt 0:00:03]} Rxg2 {[%emt 0:00:02]} 41. b6 {[%emt 0:00:02]} Rxh2 {[%emt 0:00:07]} 42. b7 {[%emt 0:00:02]} Rb2 {[%emt 0:00:02]} 43. b8=Q+ {[%emt 0:00:08]} Rxb8 {[%emt 0:00:03]} 44. Kd5 {[%emt 0:00:05]} h5 {[%emt 0:00:03]} 45. Ke4 {[%emt 0:00:03]} Rb4+ {[%emt 0:00:04]} 46. Ke3 {[%emt 0:00:02]} h4 {[%emt 0:00:02]} 47. Kf2 {[%emt 0:00:12]} g5 {[%emt 0:00:02]} 48. Kg2 {[%emt 0:00:04]} f5 {[%emt 0:00:05]} 49. f4 {[%emt 0:00:03]} gxf4 {[%emt 0:00:02]} 50. Kf2 {[%emt 0:00:02]} Rb3 {[%emt 0:00:02]} 51. Kg2 {[%emt 0:00:02]} h3+ {[%emt 0:00:01]} 52. Kf2 {[%emt 0:00:03]} f3 {[%emt 0:00:01]} 53. Kg3 {[%emt 0:00:03]} f4+ {[%emt 0:00:04]} 54. Kxh3 {[%emt 0:00:05]} Rb2 {[%emt 0:00:04]} 55. Kg4 {[%emt 0:00:06]} f2 {[%emt 0:00:01]} 56. Kxf4 {[%emt 0:00:01]} f1=Q+ {[%emt 0:00:02]} 57. Kg5 {[%emt 0:00:03]} Rg2+ {[%emt 0:00:03]} 58. Kh5 {[%emt 0:00:03]} Qh1# {[%emt 0:00:01] Mate} 0-1

[Event "OEISM 0818 BLMM"]
[Site "austriablmm"]
[Date "2020.12.12"]
[Round "5"]
[White "Konstantin Peyrer"]
[Black "gadoru"]
[Result "0-1"]
[WhiteElo "2247"]
[BlackElo "1686"]
[Annotator "TA"]
[PlyCount "72"]
[EventDate "2020.12.12"]
[EventType "blitz"]

{[%evp 10,71,29,9,34,32,32,32,42,21,25,0,0,21,16,-80,-77,-83,-81,-97,-49,-97,-78,-89,-98,-113,-83,-69,-9,-12,0,-26,41,16,20,-140,-143,-210,-50,-31,-16,-22,-37,-59,0,0,4,-28,0,0,0,0,56,45,42,19,37,-29996,-29997,-29997,-29998,-29998,-29999,-29999]} 1. Nf3 Nf6 2. g3 g6 3. Bg2 Bg7 4. O-O O-O 5. d4 d6 6. c3 Ne4 {[#] A49: 1 d4 Nf6 2 Nf3 g6 3 g3: Anti-King's Indian systems.} 7. Nbd2 $146 ({Predecessor:} 7. Nfd2 Nxd2 8. Nxd2 e5 9. Nb3 exd4 10. cxd4 d5 11. Bf4 Re8 12. Qd2 c6 13. f3 Nd7 14. e4 {1-0 (51) Pezerovic,E (2445)-Schueller,E (2240) Bayern 1998}) 7... Nxd2 8. Bxd2 e5 {White is slightly better.} 9. dxe5 dxe5 10. Bg5 f6 11. Qb3+ Kh8 12. Nxe5 (12. Be3 $11) 12... fxg5 $17 13. Nf7+ {[#]} Rxf7 $1 14. Qxf7 {Hoping for Rfd1.} Qd7 15. Qb3 Nc6 16. Rad1 Qe7 17. Rd2 Ne5 18. Rfd1 Be6 (18... Bf8 $15) 19. Qxb7 Rf8 20. Qxa7 Ng4 ({Better is} 20... Nc4 $11) 21. e3 Ne5 22. b3 $2 (22. f4 $11 Nc4 23. Rf2) 22... Bg4 23. Rc1 (23. Rf1 $17 {is a better defense.}) 23... Nf3+ $2 ({Black should try} 23... Bf3 $19 24. Qa6 Qf7) 24. Bxf3 $15 Bxf3 25. Qa6 g4 26. Qc4 Rf5 (26... h5 $15) 27. Qb4 Qg5 28. Qb8+ Rf8 (28... Bf8 $5 {[%cal Rg5h5]} 29. h4 (29. Qxc7 $2 Qh5 $19) 29... gxh3 $11) 29. Qxc7 Qh5 30. Qc4 Qh3 (30... Qf5 $11) 31. Qf1 $14 {Qxh3 is the strong threat.} Qh5 32. b4 (32. c4 $5 {[%cal Rc4c5]}) 32... Rf5 {( -> ...Qxh2+!)} 33. c4 $2 {[%mdl 8192] [#] This move loses the game for White.} (33. h4 $14 gxh3 34. Kh2) 33... Qxh2+ $1 {[%mdl 576] Back Rank, Clearance. Black mates.} 34. Kxh2 Rh5+ 35. Qh3 Rxh3+ 36. Kg1 Rh1# {Weighted Error Value: White=0.56/Black=0.32} 0-1

[Event "OEISM 0818 BLMM"]
[Site "austriablmm"]
[Date "2020.12.12"]
[Round "5"]
[White "Beckenbauer23"]
[Black "David04"]
[Result "0-1"]
[WhiteElo "2101"]
[BlackElo "2022"]
[Annotator "NA RC"]
[PlyCount "82"]
[EventDate "2020.12.12"]
[EventType "blitz"]

1. e4 {[%emt 0:00:02]} c5 {[%emt 0:00:02]} 2. Nf3 {[%emt 0:00:02]} d6 {[%emt 0:00:01]} 3. c3 {[%emt 0:00:01]} Nf6 {[%emt 0:00:01]} 4. h3 {[%emt 0:00:01]} Bd7 {[%emt 0:00:09]} 5. Bd3 {[%emt 0:00:01]} g6 {[%emt 0:00:04]} 6. Bc2 {[%emt 0:00:06]} Bg7 {[%emt 0:00:03]} 7. O-O {[%emt 0:00:01]} O-O {[%emt 0:00:03]} 8. Re1 {[%emt 0:00:05]} Nc6 {[%emt 0:00:04]} 9. d4 {[%emt 0:00:12]} cxd4 {[%emt 0:00:02]} 10. cxd4 {[%emt 0:00:01]} d5 {[%emt 0:00:02]} 11. e5 {[%emt 0:00:19]} Ne4 {[%emt 0:00:13]} 12. Nbd2 {[%emt 0:00:41]} Nxd2 {[%emt 0:00:09]} 13. Bxd2 {[%emt 0:00:00]} Qb6 {[%emt 0:00:06]} 14. Bc3 {[%emt 0:00:10]} a5 {[%emt 0:00:27]} 15. a3 {[%emt 0:00:23]} Rfc8 {[%emt 0:00:35]} 16. Qd2 {[%emt 0:00:11]} a4 {[%emt 0:00:47]} 17. Rad1 {[%emt 0:01:14]} Na5 {[%emt 0:00:42]} 18. Qf4 {[%emt 0:01:29]} h6 {[%emt 0:00:31]} 19. Qg3 {[%emt 0:01:34]} Nc4 {[%emt 0:00:26]} 20. Nh4 {[%emt 0:00:28]} Ra6 {[%emt 0:01:40]} 21. Rb1 {[%emt 0:00:53]} Qc6 {[%emt 0:00:12]} 22. Bd3 {[%emt 0:00:42]} b5 {[%emt 0:00:15]} 23. Bb4 {[%emt 0:00:01]} Qb6 {[%emt 0:01:01]} 24. Bc5 {[%emt 0:00:42]} Rxc5 {[%emt 0:00:59]} 25. dxc5 {[%emt 0:00:00]} Qxc5 {[%emt 0:00:01]} 26. Nf3 {[%emt 0:00:44]} b4 {[%emt 0:00:14]} 27. Bxc4 {[%emt 0:00:13]} dxc4 {[%emt 0:00:09]} 28. e6 {[%emt 0:00:00]} Bxe6 {[%emt 0:00:22]} 29. Qb8+ {[%emt 0:00:02]} Kh7 {[%emt 0:00:05]} 30. axb4 {[%emt 0:00:01]} Qb6 {[%emt 0:00:29]} 31. Qxb6 {[%emt 0:00:34]} Rxb6 {[%emt 0:00:00]} 32. Re3 {[%emt 0:00:28] Beckenbauer23 bietet Remis} Rxb4 {[%emt 0:00:27]} 33. g4 {[%emt 0:00:13]} c3 {[%emt 0:00:19]} 34. Kg2 {[%emt 0:00:01]} cxb2 {[%emt 0:00:15]} 35. Ra3 {[%emt 0:00:01]} Bb3 {[%emt 0:00:19]} 36. Ne1 {[%emt 0:00:02]} Rc4 {[%emt 0:00:24]} 37. Nd3 {[%emt 0:00:04]} Bc2 {[%emt 0:00:06]} 38. Nxb2 {[%emt 0:00:01]} Rb4 {[%emt 0:00:01]} 39. Re1 {[%emt 0:00:10]} Bxb2 {[%emt 0:00:02]} 40. Ra2 {[%emt 0:00:01]} a3 {[%emt 0:00:03]} 41. Rxe7 {[%emt 0:00:01]} Bb3 {[%emt 0:00:01] Beckenbauer23 gibt auf (Lag: Av=0.36s, max=0.6s)} 0-1

[Event "OEISM 0818 BLMM"]
[Site "austriablmm"]
[Date "2020.12.12"]
[Round "5"]
[White "Sebsep1"]
[Black "Marc_m"]
[Result "1-0"]
[WhiteElo "2054"]
[BlackElo "1994"]
[Annotator "TA"]
[PlyCount "89"]
[EventDate "2020.12.12"]
[EventType "blitz"]

{[%evp 12,89,27,13,64,64,69,42,35,17,69,47,27,13,22,-28,-19,-21,-21,-68,-8,-14,0,0,59,58,105,105,89,91,137,94,104,106,143,144,143,137,129,136,342,368,314,215,185,115,287,284,320,317,572,268,653,653,929,908,1064,1042,790,564,523,375,547,541,778,778,827,644,699,629,614,568,1182,1150,29981,29982,29974,29975,29991,29992]} 1. e4 c5 2. Nf3 d6 3. d4 cxd4 4. Nxd4 Nf6 5. Nc3 a6 6. h3 e5 7. Nb3 h5 {B90: Sicilian Najdorf: Unusual White 6th moves, 6 Be3 Ng4 and 6 Be3 e5.} ({Black should play} 7... Be6 $11) 8. Bg5 $14 Be6 9. Be2 Nbd7 {White is slightly better.} 10. O-O {[#]} b5 $146 (10... Be7 $11) ({Predecessor:} 10... Be7 11. Qd2 Rc8 12. a4 O-O 13. Be3 Qc7 14. a5 Rfe8 15. Rfc1 Qc6 16. Bf3 Bc4 {0-1 (47) Gutenev,A (2456)-Bindrich,F (2606) St Petersburg 2018}) 11. Qd3 Be7 12. Rfd1 O-O 13. h4 Rc8 14. Rac1 g6 15. g3 Qc7 (15... b4 $1 $15 16. Bxf6 Nxf6) 16. a4 b4 17. Nd5 Bxd5 ({Black should try} 17... Nxd5 $11 18. exd5 Bf5 19. Qxa6 Bxg5 20. hxg5 Nb6) 18. exd5 a5 19. c3 bxc3 20. Rxc3 Qa7 21. Be3 Qa8 {[#]} 22. Qb5 $1 Rb8 23. Qxa5 Qxa5 24. Nxa5 {And now Nc6 would win.} Rxb2 25. Bb5 Nc5 $2 (25... Ne4 $16 {is a better defense.} 26. Ra3 Ndc5) 26. Nc6 $18 Bd8 27. Bxc5 dxc5 28. Nxe5 (28. Rxc5 Bb6 $17) (28. Re3 $18) 28... Ba5 $2 (28... Ne4 $16 29. Rf3 Nd6) 29. Rf3 ({Don't take} 29. Rxc5 $6 Ne4 $16) 29... Ne4 30. Nc4 {[%mdl 64] Double Attack} Nc3 $2 (30... Nd2 31. Rxd2 (31. Nxb2 Nxf3+ 32. Kg2 Nd4 $18) 31... Rxd2 32. Nxa5 Rxd5) 31. Rf1 (31. Nxb2 $142 Nxd1 32. Nxd1) 31... Ne2+ $2 (31... Ra2 32. d6 (32. Nxa5 Nxb5 33. axb5 Rxa5 $16) 32... Ne2+ 33. Kg2 Bd8) 32. Kg2 Rxb5 33. axb5 Bb4 34. Ra1 Nd4 35. Rf6 {Black must now prevent b6.} Nxb5 {If only Black now had time for ...Bc3....} 36. Rd1 Nc3 (36... Rd8 {might work better.} 37. Rd3 Nd4) 37. Rd3 Ne4 38. Rc6 Rd8 39. d6 Kf8 40. Kf3 Nf6 41. Ne5 Ne8 42. d7 Ng7 {[#]} 43. Rc8 $1 {White mates.} Ne6 44. Nc6 {[%mdl 64] Pin} Nd4+ 45. Rxd4 {Weighted Error Value: White=0.44/Black=0.76} 1-0

[Event "OEISM 0818 BLMM"]
[Site "austriablmm"]
[Date "2020.12.12"]
[Round "5"]
[White "Jakob19"]
[Black "DoHoChess"]
[Result "0-1"]
[WhiteElo "2000"]
[BlackElo "2233"]
[Annotator "NA RC"]
[PlyCount "128"]
[EventDate "2020.12.12"]
[EventType "blitz"]

1. d4 {[%emt 0:00:02]} Nf6 {[%emt 0:00:07]} 2. c4 {[%emt 0:00:02]} g6 {[%emt 0:00:02]} 3. f3 {[%emt 0:00:02]} e6 {[%emt 0:00:06]} 4. e4 {[%emt 0:00:02]} d5 {[%emt 0:00:02]} 5. cxd5 {[%emt 0:00:07]} exd5 {[%emt 0:00:01]} 6. Nc3 {[%emt 0:00:01]} dxe4 {[%emt 0:00:02]} 7. fxe4 {[%emt 0:00:04]} Bb4 {[%emt 0:00:03]} 8. Bd3 {[%emt 0:00:11]} Nxe4 {[%emt 0:00:20]} 9. Nge2 {[%emt 0:00:35]} Nxc3 {[%emt 0:00:48]} 10. bxc3 {[%emt 0:00:02]} Bd6 {[%emt 0:00:01]} 11. O-O {[%emt 0:00:11]} O-O {[%emt 0:00:09]} 12. Nf4 {[%emt 0:00:19]} Nd7 {[%emt 0:00:08]} 13. Bc4 {[%emt 0:00:16]} Nb6 {[%emt 0:00:53]} 14. Bb3 {[%emt 0:00:03]} c5 {[%emt 0:00:28]} 15. Qf3 {[%emt 0:00:12]} Bf5 {[%emt 0:00:56]} 16. Nd5 {[%emt 0:01:03]} Nxd5 {[%emt 0:00:46]} 17. Bxd5 {[%emt 0:00:04]} cxd4 {[%emt 0:00:06]} 18. cxd4 {[%emt 0:00:11]} Qh4 {[%emt 0:00:16]} 19. g3 {[%emt 0:00:08]} Qxd4+ {[%emt 0:00:06]} 20. Be3 {[%emt 0:00:01]} Qb2 {[%emt 0:00:35]} 21. Bxb7 {[%emt 0:00:15]} Rab8 {[%emt 0:00:05]} 22. Bd5 {[%emt 0:00:03]} Be5 {[%emt 0:00:21]} 23. Rad1 {[%emt 0:00:26]} a5 {[%emt 0:00:08]} 24. Rd2 {[%emt 0:00:07]} Qc3 {[%emt 0:00:05]} 25. Bh6 {[%emt 0:01:21]} Rfd8 {[%emt 0:00:15]} 26. g4 {[%emt 0:00:51]} Qxf3 {[%emt 0:00:21]} 27. Rxf3 {[%emt 0:00:12]} Be6 {[%emt 0:01:00]} 28. Rfd3 {[%emt 0:00:16]} Bxd5 {[%emt 0:00:12]} 29. Rxd5 {[%emt 0:00:00]} Re8 {[%emt 0:00:19]} 30. Kg2 {[%emt 0:00:47]} a4 {[%emt 0:00:17]} 31. Rd7 {[%emt 0:01:23]} a3 {[%emt 0:00:07]} 32. Kf3 {[%emt 0:00:21]} Bc3 {[%emt 0:00:51]} 33. Rc2 {[%emt 0:00:13]} Rbc8 {[%emt 0:00:06]} 34. Ra7 {[%emt 0:00:17]} Bb4 {[%emt 0:00:14]} 35. Rxc8 {[%emt 0:00:06]} Rxc8 {[%emt 0:00:00]} 36. Rb7 {[%emt 0:00:08]} Bd6 {[%emt 0:00:24]} 37. h4 {[%emt 0:00:12]} Be5 {[%emt 0:00:12]} 38. Ra7 {[%emt 0:00:08]} Bb2 {[%emt 0:00:05]} 39. Ke4 {[%emt 0:00:29]} Re8+ {[%emt 0:00:11]} 40. Kf3 {[%emt 0:00:05]} Rc8 {[%emt 0:00:08]} 41. Ke4 {[%emt 0:00:08]} Rc4+ {[%emt 0:00:01]} 42. Kd5 {[%emt 0:00:17]} Rd4+ {[%emt 0:00:08]} 43. Kc6 {[%emt 0:00:10]} Rd8 {[%emt 0:00:01]} 44. Kb5 {[%emt 0:00:09]} f5 {[%emt 0:00:07]} 45. gxf5 {[%emt 0:00:01]} gxf5 {[%emt 0:00:00]} 46. Ra4 {[%emt 0:00:01]} Kf7 {[%emt 0:00:06]} 47. Bg5 {[%emt 0:00:03]} Rd1 {[%emt 0:00:06]} 48. Ra7+ {[%emt 0:00:09]} Kg6 {[%emt 0:00:06]} 49. Ra6+ {[%emt 0:00:02]} Kf7 {[%emt 0:00:07]} 50. Ra7+ {[%emt 0:00:01]} Kg6 {[%emt 0:00:14]} 51. Ra6+ {[%emt 0:00:01]} Kh5 {[%emt 0:00:01]} 52. Rh6+ {[%emt 0:00:01]} Kg4 {[%emt 0:00:01]} 53. Rxh7 {[%emt 0:00:00]} Ra1 {[%emt 0:00:03]} 54. Kc4 {[%emt 0:00:12]} Rxa2 {[%emt 0:00:01]} 55. Kb3 {[%emt 0:00:01]} Ra1 {[%emt 0:00:01]} 56. Be7 {[%emt 0:00:02]} f4 {[%emt 0:00:07]} 57. Rf7 {[%emt 0:00:02]} f3 {[%emt 0:00:15]} 58. h5 {[%emt 0:00:10]} Rh1 {[%emt 0:00:04]} 59. Bxa3 {[%emt 0:00:07]} Bxa3 {[%emt 0:00:01]} 60. Kxa3 {[%emt 0:00:00]} Rxh5 {[%emt 0:00:01]} 61. Kb3 {[%emt 0:00:01]} Rf5 {[%emt 0:00:02]} 62. Rxf5 {[%emt 0:00:04]} Kxf5 {[%emt 0:00:01]} 63. Kc3 {[%emt 0:00:00]} Kf4 {[%emt 0:00:02]} 64. Kd2 {[%emt 0:00:01]} Kg3 {[%emt 0:00:01] Jakob19 resigns} 0-1

[Event "OEISM 0818 BLMM"]
[Site "austriablmm"]
[Date "2020.12.12"]
[Round "5"]
[White "BORRMANN"]
[Black "Uhtred08"]
[Result "1-0"]
[WhiteElo "1984"]
[BlackElo "1493"]
[Annotator "NA RC"]
[PlyCount "51"]
[EventDate "2020.12.12"]
[EventType "blitz"]

1. e4 {[%emt 0:00:03]} e5 {[%emt 0:00:02]} 2. Nf3 {[%emt 0:00:05]} Nc6 {[%emt 0:00:01]} 3. Bc4 {[%emt 0:00:01]} Bc5 {[%emt 0:00:02]} 4. d3 {[%emt 0:00:05]} d6 {[%emt 0:00:08]} 5. a3 {[%emt 0:00:17]} a5 {[%emt 0:00:07]} 6. Nc3 {[%emt 0:00:21]} Be6 {[%emt 0:00:05]} 7. Nd5 {[%emt 0:00:51]} Nf6 {[%emt 0:00:10]} 8. O-O {[%emt 0:00:39]} Bxd5 {[%emt 0:00:06]} 9. exd5 {[%emt 0:00:02]} Nd4 {[%emt 0:00:04]} 10. Nxd4 {[%emt 0:00:20]} Bxd4 {[%emt 0:00:06]} 11. Bb5+ {[%emt 0:00:07]} Nd7 {[%emt 0:00:15]} 12. c3 {[%emt 0:00:08]} Bb6 {[%emt 0:00:05]} 13. Qg4 {[%emt 0:00:23]} g6 {[%emt 0:00:47]} 14. Bh6 {[%emt 0:00:23]} Qe7 {[%emt 0:00:10]} 15. b4 {[%emt 0:00:22]} O-O-O {[%emt 0:00:08]} 16. bxa5 {[%emt 0:00:23]} Bxa5 {[%emt 0:00:03]} 17. Qa4 {[%emt 0:00:16]} b6 {[%emt 0:00:34]} 18. Bc6 {[%emt 0:00:41]} Nc5 {[%emt 0:00:13]} 19. Qb5 {[%emt 0:00:17]} Bxc3 {[%emt 0:00:26]} 20. Rfc1 {[%emt 0:00:30]} Qh4 {[%emt 0:01:17]} 21. Rxc3 {[%emt 0:00:20]} Qd4 {[%emt 0:00:37]} 22. Rac1 {[%emt 0:00:26]} Rdg8 {[%emt 0:00:52]} 23. Rxc5 {[%emt 0:00:26]} dxc5 {[%emt 0:00:09]} 24. Qa6+ {[%emt 0:00:07]} Kd8 {[%emt 0:00:02]} 25. Bg5+ {[%emt 0:00:05]} f6 {[%emt 0:00:09]} 26. Bxf6# {[%emt 0:00:01] Mate Mate} 1-0

[Event "OEISM 0818 BLMM"]
[Site "austriablmm"]
[Date "2020.12.12"]
[Round "5"]
[White "CrushTheRush"]
[Black "OKli2120"]
[Result "1-0"]
[WhiteElo "1968"]
[BlackElo "1694"]
[Annotator "NA RC"]
[PlyCount "157"]
[EventDate "2020.12.12"]
[EventType "blitz"]

1. e4 {[%emt 0:00:06]} e5 {[%emt 0:00:03]} 2. Nf3 {[%emt 0:00:01]} Nc6 {[%emt 0:00:03]} 3. Bb5 {[%emt 0:00:02]} a6 {[%emt 0:00:02]} 4. Ba4 {[%emt 0:00:01]} Nf6 {[%emt 0:00:02]} 5. O-O {[%emt 0:00:02]} Be7 {[%emt 0:00:02]} 6. Re1 {[%emt 0:00:02]} b5 {[%emt 0:00:03]} 7. Bb3 {[%emt 0:00:01]} d6 {[%emt 0:00:02]} 8. c3 {[%emt 0:00:01]} O-O {[%emt 0:00:02]} 9. d3 {[%emt 0:00:02]} Na5 {[%emt 0:00:03]} 10. Bc2 {[%emt 0:00:01]} c5 {[%emt 0:00:06]} 11. Nbd2 {[%emt 0:00:01]} Nc6 {[%emt 0:00:05]} 12. Nf1 {[%emt 0:00:02]} h6 {[%emt 0:00:08]} 13. Ng3 {[%emt 0:00:04]} Qc7 {[%emt 0:00:10]} 14. h3 {[%emt 0:00:02]} Re8 {[%emt 0:00:06]} 15. Be3 {[%emt 0:00:02]} Be6 {[%emt 0:00:22]} 16. d4 {[%emt 0:00:04]} cxd4 {[%emt 0:00:05]} 17. cxd4 {[%emt 0:00:00]} exd4 {[%emt 0:00:02]} 18. Nxd4 {[%emt 0:00:01]} Nxd4 {[%emt 0:00:03]} 19. Bxd4 {[%emt 0:00:01]} Rac8 {[%emt 0:00:22]} 20. Rc1 {[%emt 0:00:03]} Qb8 {[%emt 0:00:28]} 21. Qd3 {[%emt 0:00:12]} Bc4 {[%emt 0:00:26]} 22. Qf3 {[%emt 0:00:14]} Be6 {[%emt 0:00:34]} 23. e5 {[%emt 0:00:04]} Nd7 {[%emt 0:00:13]} 24. exd6 {[%emt 0:03:14]} Qxd6 {[%emt 0:00:05]} 25. Red1 {[%emt 0:00:28]} Qb8 {[%emt 0:00:44]} 26. Nf5 {[%emt 0:00:15]} Bxf5 {[%emt 0:00:15]} 27. Qxf5 {[%emt 0:00:02]} Nf8 {[%emt 0:00:09]} 28. Bb3 {[%emt 0:00:09]} Ne6 {[%emt 0:01:09]} 29. Bxe6 {[%emt 0:00:03]} fxe6 {[%emt 0:00:02]} 30. Qxe6+ {[%emt 0:00:00]} Kh7 {[%emt 0:00:09]} 31. Qf5+ {[%emt 0:00:02]} Kh8 {[%emt 0:00:06]} 32. Qg6 {[%emt 0:00:01]} Bf8 {[%emt 0:00:15]} 33. Rxc8 {[%emt 0:00:19]} Qxc8 {[%emt 0:00:06]} 34. Qxh6+ {[%emt 0:00:18]} Kg8 {[%emt 0:00:03]} 35. Qh5 {[%emt 0:00:17]} Qc2 {[%emt 0:00:29]} 36. Be3 {[%emt 0:00:06]} Re5 {[%emt 0:00:16]} 37. Qg4 {[%emt 0:00:22]} Re4 {[%emt 0:00:22] OKli2120 offers a draw} 38. Qf3 {[%emt 0:00:09]} Re5 {[%emt 0:00:27]} 39. a3 {[%emt 0:00:33]} Rf5 {[%emt 0:00:20]} 40. Qg4 {[%emt 0:00:05]} Rf6 {[%emt 0:00:41]} 41. g3 {[%emt 0:00:35]} Rg6 {[%emt 0:00:12]} 42. Qf3 {[%emt 0:00:02]} Rf6 {[%emt 0:00:21]} 43. Qd5+ {[%emt 0:00:05]} Kh8 {[%emt 0:00:04]} 44. Qh5+ {[%emt 0:00:07]} Kg8 {[%emt 0:00:04]} 45. Rd8 {[%emt 0:00:12]} Qb1+ {[%emt 0:00:17]} 46. Kh2 {[%emt 0:00:06]} Qxb2 {[%emt 0:00:16]} 47. Qd5+ {[%emt 0:00:02]} Kh8 {[%emt 0:00:05]} 48. Bd4 {[%emt 0:00:04]} Rxf2+ {[%emt 0:00:28]} 49. Bxf2 {[%emt 0:00:02]} Qxf2+ {[%emt 0:00:03]} 50. Qg2 {[%emt 0:00:01]} Qf6 {[%emt 0:00:07]} 51. Qd2 {[%emt 0:00:05]} Kh7 {[%emt 0:00:07]} 52. Qd3+ {[%emt 0:00:03]} Kh8 {[%emt 0:00:08]} 53. Rd5 {[%emt 0:00:28]} Kg8 {[%emt 0:00:13]} 54. Rh5 {[%emt 0:00:08]} Qb2+ {[%emt 0:00:10]} 55. Kh1 {[%emt 0:00:23]} Qc1+ {[%emt 0:00:05]} 56. Kg2 {[%emt 0:00:05]} Qb2+ {[%emt 0:00:04]} 57. Kf3 {[%emt 0:00:15]} Qf6+ {[%emt 0:00:15]} 58. Rf5 {[%emt 0:00:05]} Qc6+ {[%emt 0:00:04]} 59. Qd5+ {[%emt 0:00:11]} Qxd5+ {[%emt 0:00:02]} 60. Rxd5 {[%emt 0:00:00]} Bxa3 {[%emt 0:00:02]} 61. Rd8+ {[%emt 0:00:01]} Kf7 {[%emt 0:00:04]} 62. Ra8 {[%emt 0:00:00]} b4 {[%emt 0:00:05]} 63. Rxa6 {[%emt 0:00:02]} Bb2 {[%emt 0:00:04]} 64. Rb6 {[%emt 0:00:02]} Bc3 {[%emt 0:00:02]} 65. Kg4 {[%emt 0:00:02]} Ke7 {[%emt 0:00:05]} 66. Kg5 {[%emt 0:00:03]} Kf7 {[%emt 0:00:02]} 67. h4 {[%emt 0:00:02]} Bf6+ {[%emt 0:00:03]} 68. Kf5 {[%emt 0:00:06]} Bc3 {[%emt 0:00:03]} 69. g4 {[%emt 0:00:02]} Be1 {[%emt 0:00:04]} 70. h5 {[%emt 0:00:01]} Bd2 {[%emt 0:00:05]} 71. Rb7+ {[%emt 0:00:03]} Kf8 {[%emt 0:00:05]} 72. Kg6 {[%emt 0:00:01]} Bc3 {[%emt 0:00:03]} 73. g5 {[%emt 0:00:01]} Ke8 {[%emt 0:00:04]} 74. h6 {[%emt 0:00:08]} gxh6 {[%emt 0:00:02]} 75. Kxh6 {[%emt 0:00:07]} Kf8 {[%emt 0:00:05]} 76. g6 {[%emt 0:00:02]} Bg7+ {[%emt 0:00:03]} 77. Rxg7 {[%emt 0:00:02]} b3 {[%emt 0:00:03]} 78. Rb7 {[%emt 0:00:00]} b2 {[%emt 0:00:02]} 79. g7+ {[%emt 0:00:02] OKli2120 resigns} 1-0